Lakshmana rekha murichu kadakkumbol/ (Record no. 25122)

000 -LEADER
fixed length control field 00368nam a22001451a 4500
082 ## - DEWEY DECIMAL CLASSIFICATION NUMBER
Classification number M300 7
Item number HEM/L
100 ## - MAIN ENTRY--AUTHOR NAME
Personal name Hemalatha G
245 ## - TITLE STATEMENT
Title Lakshmana rekha murichu kadakkumbol/
Statement of responsibility, etc by Hemalatha G
260 ## - PUBLICATION, DISTRIBUTION, ETC. (IMPRINT)
Place of publication Calicut:
Name of publisher Pappiyon,
Year of publication 2004.
300 ## - PHYSICAL DESCRIPTION
Number of Pages 191p.
650 ## - SUBJECT ADDED ENTRY--TOPICAL TERM
Topical Term Novel Malayalam Study
650 ## - SUBJECT ADDED ENTRY--TOPICAL TERM
Topical Term Literature Malayalam
650 ## - SUBJECT ADDED ENTRY--TOPICAL TERM
Topical Term Literature
942 ## - ADDED ENTRY ELEMENTS (KOHA)
Koha item type Book
Holdings
Withdrawn status Lost status Damaged status Not for loan Permanent Location Current Location Date acquired Cost, normal purchase price Full call number Accession Number Cost, replacement price Price effective from Koha item type
        Sree Sankaracharya University of Sanskrit Sree Sankaracharya University of Sanskrit 08.01.2015 100.00 M3007 HEM/L 050450 0.00 08.01.2015 Book
        Sree Sankaracharya University of Sanskrit Sree Sankaracharya University of Sanskrit 08.01.2015 100.00 M3007 HEM/L 050449 0.00 08.01.2015 Book